LEADER 01140nam a2200265 i 4500 001 000000255234 003 CaOOAMICUS 005 20240112164118.0 008 170801s1865 xx u000 u fre u 013 $a234139 040 $aSeMil$bita 100 1 $aFiguier, Louis,$d<1819-1894>.$0(OLS)http://semarc/name/22737 245 10$aHistoire des plantes /$cpar Louis Figuier ; ouvrage illustré de 415 figures dessinées d'après nature par Faguet ; gravées par Laplante. 260 $aParis :$bHachette et C.,$c1865. 300 $aXV, 531 p. :$bill. ;$c24 cm. 650 4$aBotanica.$0(OLS)http://semarc/subject/4004 650 4$aPiante - Biologia.$0(OLS)http://semarc/subject/44694 700 1 $aLaplante, Charles .$0(OLS)http://semarc/name/94488 700 1 $aFaguet, Adrienne.$0(OLS)http://semarc/name/94487 850 $aSeMil 852 $aSeMil$W1$xVenegono$y1$m3XA V 14 FA$j205580$B205580$CSeMilBibl$Z2$F218916 $8I 961 $aOmaggio: Altro 996 $6245$aHistoire des plantes$9(OLS)http://semarc/title/411540 996 $6260$aParis :$bHachette et C.$9(OLS)http://semarc/publisher/31563 LEADER 01635nam a2200229 i 4500 001 000000163107 003 CaOOAMICUS 005 20090127000000.0 008 090127s1586 it u000 u lat u 013 $a140471 040 $aSeMil$bita 245 10$aCaroli Borromaei S.R.E. Presbyteri Card. Archiepiscopi Mediolani Epistolarum libri II a Joanne Botero Benensi eius nomine scriptarum ; Eiusdem Epistula singularis ad Antonium Carraffam S.R.E. Cardinalem. 260 $aMilano :$bapud Bernardinum Zanolum et Joannem Baptistam Colonium,$c1586 ; Ed. : apud Caesarem et Joannem Franciscum. 260 $a[S.l.] :$bapud Caesarem et Joannem Franciscum Besutios fratres,$c1586 ; Ed. : apud Caesarem et Joannem Franciscum. 300 $aBesutios fratres. - 7 x 11,5 ;$cpp. 262 ;$crom. 500 $aDescrizione da : Incunaboli e Cinquecentine della Biblioteca del Seminario di Milano / catalogo a cura di Ubaldo Valentini, Milano 1981. - Numero di catalogo : 273. 700 1 $aBotero, Giovanni,$d<1540-1617>.$0(OLS)http://semarc/name/11174 850 $aSeMil 852 $aSeMil$W1$xVenegono$y1$mFV.B I 17 ^$j114423$B114423$CSeMilBibl$Z2$F125245 $86 996 $6245$aCaroli Borromaei S.R.E. Presbyteri Card. Archiepiscopi Mediolani Epistolarum libri II a Joanne Botero Benensi eius nomine scriptarum ; Eiusdem Epistula singularis ad Antonium Carraffam S.R.E. Cardinalem$9(OLS)http://semarc/title/232710 996 $6260$a[S.l.] :$bapud Caesarem et Joannem Franciscum Besutios fratres$9(OLS)http://semarc/publisher/48468 996 $6260$aMilano :$bapud Bernardinum Zanolum et Joannem Baptistam Colonium$9(OLS)http://semarc/publisher/48469